Searching for success : decide what you want most in the world to do and then do it
| Main Author: | |
|---|---|
| Format: | Book |
| Published: |
Petaling Jaya :
Golden Books Centre Sdn. Bhd. ,
2007
|
| Subjects: |
MARC
| LEADER | 00000cam a2200000 7i4500 | ||
|---|---|---|---|
| 001 | 0000109727 | ||
| 005 | 20080131.0 | ||
| 020 | |a 9789837205741 | ||
| 090 | 0 | 0 | |a 658.406 |b ARC |
| 100 | 1 | |a Arcement, Billy | |
| 245 | 1 | 0 | |a Searching for success : |b decide what you want most in the world to do and then do it |c Billy Arcement |
| 260 | |a Petaling Jaya : |b Golden Books Centre Sdn. Bhd. , |c 2007 | ||
| 300 | |a 196p. ; |c 22cm. | ||
| 650 | 0 | 0 | |a Management |
| 650 | 0 | 0 | |a Organization change |
| 999 | |a 00204053 |b BUKU |c PINJAMAN |e PERPUSTAKAAN KOMUNITI PETALING JAYA | ||